| 000 | 01187pam a2200301 a 4500 | ||
|---|---|---|---|
| 001 | 690812 | ||
| 003 | NUST - PNEC | ||
| 005 | 20170116181144.0 | ||
| 008 | 960619s1997 njua b 001 0 eng | ||
| 010 | _a 96026948 | ||
| 020 | _a0135915120 | ||
| 040 | _cLIBRARY | ||
| 050 | 0 | 0 |
_aHF5548.2 _b.V66 1997 |
| 082 | 0 | 0 |
_a650.01511322 ALT _220 |
| 100 | 1 | _aVon Altrock, Constantin. | |
| 245 | 1 | 0 |
_aFuzzy logic and neuroFuzzy applications in business and finance / _cConstantin von Altrock. |
| 246 | 1 | 4 | _aFuzzy logic & neuroFuzzy applications in business & finance |
| 260 |
_aUpper Saddle River, N.J. : _bPrentice Hall PTR, _cc1997. |
||
| 300 |
_ax, 375 p. : _bill. ; _c24 cm. + _e1 computer laser optical disc (4 3/4 in.) |
||
| 504 | _aIncludes bibliographical references and index. | ||
| 538 | _aSystem requirements for accompanying computer disc: MS Windows-3.1x; Windows 95. | ||
| 650 | 0 |
_aBusiness _xData processing. |
|
| 650 | 0 |
_aFinance _xData processing. |
|
| 650 | 0 | _aFuzzy logic. | |
| 650 | 0 | _aNeural networks (Computer science) | |
| 942 |
_2ddc _cBK |
||
| 999 |
_c70638 _d70638 |
||